000 00269nam a2200097Ia 4500
008 220204s9999 xx 000 0 und d
082 _a681.31WWW
_bSUM
245 0 _aCreating cool interactive websites
260 _aNew Delhi
_bComdex Computer Publishing
_c1996
942 _cBK
999 _c41226
_d41226